Combined heat and power (Record no. 68348)

MARC details
000 -LEADER
fixed length control field 01262cam a2200229 4500
001 - CONTROL NUMBER
control field ABS64531
008 - FIXED-LENGTH DATA ELEMENTS--GENERAL INFORMATION
fixed length control field 010924n2001 000 0 eng u
035 ## - SYSTEM CONTROL NUMBER
System control number (Sirsi) u114804
100 ## - MAIN ENTRY--PERSONAL NAME
Personal name Booty, F.
245 ## - TITLE STATEMENT
Title Combined heat and power
260 ## - PUBLICATION, DISTRIBUTION, ETC.
Date of publication, distribution, etc. 2001
490 ## - SERIES STATEMENT
Series statement Facilities Management
Volume/sequential designation 8(12) September 2001, 10-11(2)
520 ## - SUMMARY, ETC.
Summary, etc. Combined heat and power (CHP) is an efficient technology for generating electricity and heat together. CHP plants simultaneously generate usable heat and power in a single process. Details the key benefits of CHP. These include the fact that, typically, it achieves a 35% reduction in primary energy use, in comparison with power stations and heat-only boilers. In addition, CHP will be exempt from the Climate Change Levy tax. Notes there has been a steady rise in the number of CHP schemes in buildings in the UK since 1995, and gives details of high-profile users. Describes government initiatives to promote CHP schemes.
590 ## - LOCAL NOTE (RLIN)
Local note ABS
650 ## - SUBJECT ADDED ENTRY--TOPICAL TERM
Topical term or geographic name entry element COMBINED HEAT AND POWER
650 ## - SUBJECT ADDED ENTRY--TOPICAL TERM
Topical term or geographic name entry element FACILITIES MANAGEMENT
9 (RLIN) 6240
650 ## - SUBJECT ADDED ENTRY--TOPICAL TERM
Topical term or geographic name entry element BENEFITS
650 ## - SUBJECT ADDED ENTRY--TOPICAL TERM
Topical term or geographic name entry element ELECTRICITY
650 ## - SUBJECT ADDED ENTRY--TOPICAL TERM
Topical term or geographic name entry element CLIMATE CHANGE LEVY
690 ## - LOCAL SUBJECT ADDED ENTRY--TOPICAL TERM (OCLC, RLIN)
Topical term or geographic name as entry element ENVIRONMENTAL AND LAND CONSULTANCY-ENERGY-ENERGY USE-ENERGY EFFICIENCY
942 ## - ADDED ENTRY ELEMENTS (KOHA)
Suppress in OPAC 0
Holdings
Withdrawn status Lost status Source of classification or shelving scheme Damaged status Not for loan Home library Current library Shelving location Date acquired Total Checkouts Full call number Barcode Date last seen Copy number Price effective from Koha item type
    Dewey Decimal Classification     London London Journal article 24/09/2001   ABS64531 114804-1001 06/08/2019 1 06/08/2019 Journal article